<?xml version="1.0" encoding="UTF-8"?>
<record
    xmlns:xsi="http://www.w3.org/2001/XMLSchema-instance"
    xsi:schemaLocation="http://www.loc.gov/MARC21/slim http://www.loc.gov/standards/marcxml/schema/MARC21slim.xsd"
    xmlns="http://www.loc.gov/MARC21/slim">

  <leader>00486nam a2200181   4500</leader>
  <controlfield tag="003">SEACOMEC</controlfield>
  <controlfield tag="005">20250128124949.0</controlfield>
  <controlfield tag="008">240510b        |||||||| |||| 00| 0 eng d</controlfield>
  <datafield tag="020" ind1=" " ind2=" ">
    <subfield code="a">9788120316010</subfield>
    <subfield code="c">Rs.195.00</subfield>
  </datafield>
  <datafield tag="040" ind1=" " ind2=" ">
    <subfield code="a">SEACOMEC</subfield>
  </datafield>
  <datafield tag="082" ind1=" " ind2=" ">
    <subfield code="a">621.3</subfield>
    <subfield code="b">G855</subfield>
  </datafield>
  <datafield tag="100" ind1=" " ind2=" ">
    <subfield code="a"> Griffiths, David J</subfield>
  </datafield>
  <datafield tag="245" ind1="1" ind2=" ">
    <subfield code="a">Introduction to Electrodynamics /</subfield>
    <subfield code="c"> David J Griffiths</subfield>
  </datafield>
  <datafield tag="250" ind1=" " ind2=" ">
    <subfield code="a">3rd ed.</subfield>
  </datafield>
  <datafield tag="260" ind1=" " ind2=" ">
    <subfield code="a"> New Delhi</subfield>
    <subfield code="b">Pearson</subfield>
    <subfield code="c">2007</subfield>
  </datafield>
  <datafield tag="650" ind1=" " ind2=" ">
    <subfield code="a"> Electromagnetic Radiation</subfield>
  </datafield>
  <datafield tag="942" ind1=" " ind2=" ">
    <subfield code="c">BOOK</subfield>
  </datafield>
  <datafield tag="952" ind1=" " ind2=" ">
    <subfield code="0">0</subfield>
    <subfield code="1">0</subfield>
    <subfield code="2">ddc</subfield>
    <subfield code="4">0</subfield>
    <subfield code="7">0</subfield>
    <subfield code="a">SEACOMEC</subfield>
    <subfield code="b">SEACOMEC</subfield>
    <subfield code="d">2007-09-17</subfield>
    <subfield code="l">0</subfield>
    <subfield code="o">621.3 G855</subfield>
    <subfield code="p">8638</subfield>
    <subfield code="r">2024-05-10 11:15:57</subfield>
    <subfield code="w">2024-05-10</subfield>
    <subfield code="y">BOOK</subfield>
  </datafield>
  <datafield tag="952" ind1=" " ind2=" ">
    <subfield code="0">0</subfield>
    <subfield code="1">0</subfield>
    <subfield code="2">ddc</subfield>
    <subfield code="4">0</subfield>
    <subfield code="7">0</subfield>
    <subfield code="a">SEACOMEC</subfield>
    <subfield code="b">SEACOMEC</subfield>
    <subfield code="d">2007-10-01</subfield>
    <subfield code="l">0</subfield>
    <subfield code="o">621.3 G855</subfield>
    <subfield code="p">8639</subfield>
    <subfield code="r">2024-05-10 11:16:34</subfield>
    <subfield code="t">1</subfield>
    <subfield code="w">2024-05-10</subfield>
    <subfield code="y">BOOK</subfield>
  </datafield>
  <datafield tag="952" ind1=" " ind2=" ">
    <subfield code="0">0</subfield>
    <subfield code="1">0</subfield>
    <subfield code="2">ddc</subfield>
    <subfield code="4">0</subfield>
    <subfield code="7">0</subfield>
    <subfield code="a">SEACOMEC</subfield>
    <subfield code="b">SEACOMEC</subfield>
    <subfield code="d">2007-10-01</subfield>
    <subfield code="l">0</subfield>
    <subfield code="o">621.3 G855</subfield>
    <subfield code="p">8640</subfield>
    <subfield code="r">2024-05-10 11:16:34</subfield>
    <subfield code="t">2</subfield>
    <subfield code="w">2024-05-10</subfield>
    <subfield code="y">BOOK</subfield>
  </datafield>
  <datafield tag="952" ind1=" " ind2=" ">
    <subfield code="0">0</subfield>
    <subfield code="1">0</subfield>
    <subfield code="2">ddc</subfield>
    <subfield code="4">0</subfield>
    <subfield code="7">0</subfield>
    <subfield code="a">SEACOMEC</subfield>
    <subfield code="b">SEACOMEC</subfield>
    <subfield code="d">2007-10-01</subfield>
    <subfield code="l">0</subfield>
    <subfield code="o">621.3 G855</subfield>
    <subfield code="p">8641</subfield>
    <subfield code="r">2024-05-10 11:16:34</subfield>
    <subfield code="t">3</subfield>
    <subfield code="w">2024-05-10</subfield>
    <subfield code="y">BOOK</subfield>
  </datafield>
  <datafield tag="952" ind1=" " ind2=" ">
    <subfield code="0">0</subfield>
    <subfield code="1">0</subfield>
    <subfield code="2">ddc</subfield>
    <subfield code="4">0</subfield>
    <subfield code="7">0</subfield>
    <subfield code="a">SEACOMEC</subfield>
    <subfield code="b">SEACOMEC</subfield>
    <subfield code="d">2007-10-01</subfield>
    <subfield code="l">0</subfield>
    <subfield code="o">621.3 G855</subfield>
    <subfield code="p">8642</subfield>
    <subfield code="r">2024-05-10 11:16:34</subfield>
    <subfield code="t">4</subfield>
    <subfield code="w">2024-05-10</subfield>
    <subfield code="y">BOOK</subfield>
  </datafield>
  <datafield tag="952" ind1=" " ind2=" ">
    <subfield code="0">0</subfield>
    <subfield code="1">0</subfield>
    <subfield code="2">ddc</subfield>
    <subfield code="4">0</subfield>
    <subfield code="7">0</subfield>
    <subfield code="a">SEACOMEC</subfield>
    <subfield code="b">SEACOMEC</subfield>
    <subfield code="d">2008-07-30</subfield>
    <subfield code="l">0</subfield>
    <subfield code="o">621.3 G855</subfield>
    <subfield code="p">12459</subfield>
    <subfield code="r">2025-01-28 12:50:42</subfield>
    <subfield code="t">5</subfield>
    <subfield code="w">2025-01-28</subfield>
    <subfield code="y">BOOK</subfield>
  </datafield>
  <datafield tag="952" ind1=" " ind2=" ">
    <subfield code="0">0</subfield>
    <subfield code="1">0</subfield>
    <subfield code="2">ddc</subfield>
    <subfield code="4">0</subfield>
    <subfield code="7">0</subfield>
    <subfield code="a">SEACOMEC</subfield>
    <subfield code="b">SEACOMEC</subfield>
    <subfield code="d">2008-07-30</subfield>
    <subfield code="l">0</subfield>
    <subfield code="o">621.3 G855</subfield>
    <subfield code="p">12460</subfield>
    <subfield code="r">2025-01-28 12:50:42</subfield>
    <subfield code="t">6</subfield>
    <subfield code="w">2025-01-28</subfield>
    <subfield code="y">BOOK</subfield>
  </datafield>
  <datafield tag="952" ind1=" " ind2=" ">
    <subfield code="0">0</subfield>
    <subfield code="1">0</subfield>
    <subfield code="2">ddc</subfield>
    <subfield code="4">0</subfield>
    <subfield code="7">0</subfield>
    <subfield code="a">SEACOMEC</subfield>
    <subfield code="b">SEACOMEC</subfield>
    <subfield code="d">2008-07-30</subfield>
    <subfield code="l">0</subfield>
    <subfield code="o">621.3 G855</subfield>
    <subfield code="p">12461</subfield>
    <subfield code="r">2025-01-28 12:50:42</subfield>
    <subfield code="t">7</subfield>
    <subfield code="w">2025-01-28</subfield>
    <subfield code="y">BOOK</subfield>
  </datafield>
  <datafield tag="952" ind1=" " ind2=" ">
    <subfield code="0">0</subfield>
    <subfield code="1">0</subfield>
    <subfield code="2">ddc</subfield>
    <subfield code="4">0</subfield>
    <subfield code="7">0</subfield>
    <subfield code="a">SEACOMEC</subfield>
    <subfield code="b">SEACOMEC</subfield>
    <subfield code="d">2008-07-30</subfield>
    <subfield code="l">0</subfield>
    <subfield code="o">621.3 G855</subfield>
    <subfield code="p">12462</subfield>
    <subfield code="r">2025-01-28 12:50:42</subfield>
    <subfield code="t">8</subfield>
    <subfield code="w">2025-01-28</subfield>
    <subfield code="y">BOOK</subfield>
  </datafield>
  <datafield tag="952" ind1=" " ind2=" ">
    <subfield code="0">0</subfield>
    <subfield code="1">0</subfield>
    <subfield code="2">ddc</subfield>
    <subfield code="4">0</subfield>
    <subfield code="7">0</subfield>
    <subfield code="a">SEACOMEC</subfield>
    <subfield code="b">SEACOMEC</subfield>
    <subfield code="d">2008-07-30</subfield>
    <subfield code="l">0</subfield>
    <subfield code="o">621.3 G855</subfield>
    <subfield code="p">12463</subfield>
    <subfield code="r">2025-01-28 12:50:42</subfield>
    <subfield code="t">9</subfield>
    <subfield code="w">2025-01-28</subfield>
    <subfield code="y">BOOK</subfield>
  </datafield>
  <datafield tag="952" ind1=" " ind2=" ">
    <subfield code="0">0</subfield>
    <subfield code="1">0</subfield>
    <subfield code="2">ddc</subfield>
    <subfield code="4">0</subfield>
    <subfield code="7">0</subfield>
    <subfield code="a">SEACOMEC</subfield>
    <subfield code="b">SEACOMEC</subfield>
    <subfield code="d">2008-09-13</subfield>
    <subfield code="l">0</subfield>
    <subfield code="o">621.3 G855</subfield>
    <subfield code="p">13302</subfield>
    <subfield code="r">2025-02-18 12:23:47</subfield>
    <subfield code="t">10</subfield>
    <subfield code="w">2025-02-18</subfield>
    <subfield code="y">BOOK</subfield>
  </datafield>
  <datafield tag="952" ind1=" " ind2=" ">
    <subfield code="0">0</subfield>
    <subfield code="1">0</subfield>
    <subfield code="2">ddc</subfield>
    <subfield code="4">0</subfield>
    <subfield code="7">0</subfield>
    <subfield code="a">SEACOMEC</subfield>
    <subfield code="b">SEACOMEC</subfield>
    <subfield code="d">2008-09-13</subfield>
    <subfield code="l">0</subfield>
    <subfield code="o">621.3 G855</subfield>
    <subfield code="p">13303</subfield>
    <subfield code="r">2025-02-18 12:23:47</subfield>
    <subfield code="t">11</subfield>
    <subfield code="w">2025-02-18</subfield>
    <subfield code="y">BOOK</subfield>
  </datafield>
  <datafield tag="952" ind1=" " ind2=" ">
    <subfield code="0">0</subfield>
    <subfield code="1">0</subfield>
    <subfield code="2">ddc</subfield>
    <subfield code="4">0</subfield>
    <subfield code="7">0</subfield>
    <subfield code="a">SEACOMEC</subfield>
    <subfield code="b">SEACOMEC</subfield>
    <subfield code="d">2008-09-13</subfield>
    <subfield code="l">0</subfield>
    <subfield code="o">621.3 G855</subfield>
    <subfield code="p">13304</subfield>
    <subfield code="r">2025-02-18 12:23:47</subfield>
    <subfield code="t">12</subfield>
    <subfield code="w">2025-02-18</subfield>
    <subfield code="y">BOOK</subfield>
  </datafield>
  <datafield tag="952" ind1=" " ind2=" ">
    <subfield code="0">0</subfield>
    <subfield code="1">0</subfield>
    <subfield code="2">ddc</subfield>
    <subfield code="4">0</subfield>
    <subfield code="7">0</subfield>
    <subfield code="a">SEACOMEC</subfield>
    <subfield code="b">SEACOMEC</subfield>
    <subfield code="d">2008-09-13</subfield>
    <subfield code="l">0</subfield>
    <subfield code="o">621.3 G855</subfield>
    <subfield code="p">13305</subfield>
    <subfield code="r">2025-02-18 12:23:47</subfield>
    <subfield code="t">13</subfield>
    <subfield code="w">2025-02-18</subfield>
    <subfield code="y">BOOK</subfield>
  </datafield>
  <datafield tag="952" ind1=" " ind2=" ">
    <subfield code="0">0</subfield>
    <subfield code="1">0</subfield>
    <subfield code="2">ddc</subfield>
    <subfield code="4">0</subfield>
    <subfield code="7">0</subfield>
    <subfield code="a">SEACOMEC</subfield>
    <subfield code="b">SEACOMEC</subfield>
    <subfield code="d">2008-09-13</subfield>
    <subfield code="l">0</subfield>
    <subfield code="o">621.3 G855</subfield>
    <subfield code="p">13306</subfield>
    <subfield code="r">2025-02-18 12:23:47</subfield>
    <subfield code="t">14</subfield>
    <subfield code="w">2025-02-18</subfield>
    <subfield code="y">BOOK</subfield>
  </datafield>
  <datafield tag="999" ind1=" " ind2=" ">
    <subfield code="c">1049</subfield>
    <subfield code="d">1049</subfield>
  </datafield>
</record>
